Online
Catalog

La universidad latinoamericana / (Record no. 11754)

MARC details
000 -CABECERA
campo de control de longitud fija 00819cam a2200253 a 4500
001 - NÚMERO DE CONTROL
campo de control 000012088
003 - IDENTIFICADOR DEL NÚMERO DE CONTROL
campo de control DO-SdBNP
005 - FECHA Y HORA DE LA ÚLTIMA TRANSACCIÓN
campo de control 20250916113313.0
008 - DATOS DE LONGITUD FIJA--INFORMACIÓN GENERAL
campo de control de longitud fija 831115s1971 ve af b 000 0 spa d
035 ## - NÚMERO DE CONTROL DEL SISTEMA
Número de control de sistema (DLC) 83672412
040 ## - FUENTE DE LA CATALOGACIÓN
Centro catalogador/agencia de origen DO-SdBNP
Lengua de catalogación spa
Centro/agencia transcriptor BNPHU
082 ## - NÚMERO DE LA CLASIFICACIÓN DECIMAL DEWEY
Número de clasificación 378.8
Número de documento/Ítem R484u, 1971
100 1# - ENTRADA PRINCIPAL--NOMBRE DE PERSONA
Nombre de persona Ribeiro, Darcy.
Fechas asociadas al nombre 1922-1997
9 (RLIN) 28553
245 13 - MENCIÓN DE TÍTULO
Título La universidad latinoamericana /
Mención de responsabilidad, etc. Darcy Ribeiro.
250 ## - MENCIÓN DE EDICIÓN
Mención de edición 2a ed. ampliada.
260 ## - PUBLICACIÓN, DISTRIBUCIÓN, ETC.
Lugar de publicación, distribución, etc. Caracas :
Nombre del editor, distribuidor, etc. Ediciones de la Biblioteca, Universidad Central de Venezuela,
Fecha de publicación, distribución, etc. 1971.
300 ## - DESCRIPCIÓN FÍSICA
Extensión 187 p. :
Otras características físicas il. ;
Dimensiones 21 cm.
490 0# - MENCIÓN DE SERIE
Mención de serie Temas
Designación de volumen o secuencia 41
504 ## - NOTA DE BIBLIOGRAFÍA, ETC.
Nota de bibliografía, etc. Bibliografías: p. 177 - [185]
650 #0 - PUNTO DE ACCESO ADICIONAL DE MATERIA--TÉRMINO DE MATERIA
Término de materia o nombre geográfico como elemento de entrada Universidades
Subdivisión geográfica América Latina
9 (RLIN) 85564
650 #0 - PUNTO DE ACCESO ADICIONAL DE MATERIA--TÉRMINO DE MATERIA
Término de materia o nombre geográfico como elemento de entrada Educación superior
Subdivisión general América latina
9 (RLIN) 28555
910 ## - DATOS DE OPCIÓN DEL USUARIO (OCLC)
Datos de opción del usuario Catalogación derivada
942 ## - ELEMENTOS DE PUNTO DE ACCESO ADICIONAL (KOHA)
Fuente del sistema de clasificación o colocación Dewey Decimal Classification
Tipo de ítem Koha Libro
Holdings
Estado de retiro Estado de pérdida Restricciones de uso No para préstamo Código de colección Localización permanente Ubicación/localización actual Ubicación en estantería Fecha de adquisición Número de inventario Total de préstamos Signatura topográfica completa Código de barras Fecha visto por última vez Precio válido a partir de Tipo de ítem Koha
        Monografías: Libros y Folletos General General En catalogación 04.11.2009 LF1   378.68 R484u, 1971 12088-10 25.06.2020 25.06.2020 Préstamo en sala

Powered by Koha